Search the Library Catalogue
| 000 -LEADER | |
|---|---|
| fixed length control field | 00537nam a2200181 4500 |
| 008 - FIXED-LENGTH DATA ELEMENTS--GENERAL INFORMATION | |
| fixed length control field | 240715b |||||||| |||| 00| 0 eng d |
| 020 ## - INTERNATIONAL STANDARD BOOK NUMBER | |
| ISBN | 8130405180 |
| Paper back/Hardbound | pbk |
| 041 ## - LANGUAGE CODE | |
| Language code of text/sound track or separate title | eng |
| 082 ## - DEWEY DECIMAL CLASSIFICATION NUMBER | |
| Classification number | 428.1 |
| Item number | HAF |
| 100 ## - MAIN ENTRY--AUTHOR NAME | |
| Personal name | Lalita Harish |
| 245 ## - TITLE STATEMENT | |
| Title | Sharpen your vocabulary |
| Statement of responsibility, etc | Harish Lalita |
| 250 ## - EDITION STATEMENT | |
| Edition statement | 1ed., |
| 260 ## - PUBLICATION, DISTRIBUTION, ETC. (IMPRINT) | |
| Place of publication | Delhi |
| Name of publisher | Tiny tot Publications |
| Year of publication | 2009 |
| 300 ## - PHYSICAL DESCRIPTION | |
| Number of Pages | 160p. |
| 520 ## - SUMMARY, ETC. | |
| Summary, etc | Vocabulary consists of the words used by a particular person to express his views and opinions.. |
| 700 ## - ADDED ENTRY--PERSONAL NAME | |
| Personal name | Lalita Harish |
| 942 ## - ADDED ENTRY ELEMENTS (KOHA) | |
| Koha item type | English Books |
| Withdrawn status | Lost status | Damaged status | Not for loan | Home library | Current library | Date acquired | Full call number | Accession Number | Price effective from | Koha item type |
|---|---|---|---|---|---|---|---|---|---|---|
| Anna Centenary Library | Anna Centenary Library | 26.09.2010 | 428.1 HAF | 228377 | 15.07.2024 | English Books |